000 00707nam a22001577a 4500
005 20260124092552.0
008 230712b ||||| |||| 00| 0 eng d
040 _cSSBUL
_dSSBUL
082 _223
_a၃၂၈.၅၉၁ ပြည် ၁၆၁၂၅ (S-SAT)
245 _aပြည်သူ့လွှတ်တော်သဘာပတိလက်စွဲ /
260 _aရန်ကုန်၊
_bထုတ်ဝေသူမပါ၊
_c၁၉၇၆။
300 _a၆၉ စာမျက်နှာ၊
_c၂၀ စင်တီ။
500 _aS-SAT: Dr. Prof Sai Aung Tun
650 _aမြန်မာနိုင်ငံပြည်သူ့လွှတ်တော်။
_927829
942 _2ddc
_cBK1
999 _c27082
_d27082